How to farm /

Bibliographic Details
Main Author: Crawford, Stanley G., 1937- (Author)
Other Authors: Blinn, Carol J. (Illustrator)
Format: Book
Language:English
Published: [Ohio] : Press on Scroll Road, [2012]
Subjects:

MARC

Tag First Indicator Second Indicator Subfields
LEADER 00000cam a2200000Ii 4500
001 in00004082021
005 20200117104514.0
008 191018s2012 ohu 000 0 eng d
035 |a (OCoLC)826823397 
040 |a NUI  |b eng  |e rda  |c NUI  |d OCLCO  |d OCLCF  |d OCLCQ  |d OCLCA  |d TXA  |d UtOrBLW 
043 |a n-us-nm 
050 1 4 |a SB351.G3  |b C734 2012 
100 1 |a Crawford, Stanley G.,  |d 1937-  |e author.  |0 http://id.loc.gov/authorities/names/n50019065 
245 1 0 |a How to farm /  |c by Stanley Crawford. 
264 1 |a [Ohio] :  |b Press on Scroll Road,  |c [2012] 
300 |a 16 unnumbered pages ;  |c 25 cm 
336 |a text  |b txt  |2 rdacontent 
337 |a unmediated  |b n  |2 rdamedia 
338 |a volume  |b nc  |2 rdacarrier 
500 |a "How to farm first appeared in Mr. Crawford's A garlic testament: seasons on a small New Mexico farm. It is reprinted with his permission. A few copies of this keepsake were made for friends of the press in the fall of 2012. The title page illustration was done by Carol J. Blinn."--Colophon. 
580 |a The Cushing Library/Lowman/Book Design copy forms part of the Book Design Section of the Al Lowman Printing Arts Collection and Research Archive. 
500 |a Purchased for the Al Lowman Printing Arts Collection and Research Archive by The Cushing Library. 
650 0 |a Garlic  |z New Mexico. 
650 0 |a Garlic.  |0 http://id.loc.gov/authorities/subjects/sh85053172 
650 0 |a Farm life  |z New Mexico. 
650 0 |a Truck farming  |z New Mexico. 
650 7 |a Farm life.  |2 fast  |0 (OCoLC)fst00921052 
650 7 |a Garlic.  |2 fast  |0 (OCoLC)fst00938039 
650 7 |a Truck farming.  |2 fast  |0 (OCoLC)fst01157653 
651 7 |a New Mexico.  |2 fast  |0 (OCoLC)fst01204269 
700 1 |a Blinn, Carol J.,  |e illustrator.  |0 http://id.loc.gov/authorities/names/n78051730 
710 2 |a Press on Scroll Road,  |e issuing body.  |0 http://id.loc.gov/authorities/names/nr2005002464 
773 0 |t Al Lowman Printing Arts Collection and Research Archive. 
994 |a C0  |b TXA 
948 |a cataloged  |b h  |c 2019/11/14  |d c  |e nbehmer  |f 12:50:16 pm 
999 f f |s 7caf1ac0-e446-336d-8b73-73227e88b634  |i 35544f37-9201-3314-b8cc-4da711958679  |t 0 
952 f f |p noncirc  |a Texas A&M University  |b College Station  |c Cushing Memorial Library & Archives  |d Cushing: Lowman (Does not check out)  |t 0  |e SB351.G3 C734 2012  |f Vertical file  |h Library of Congress classification  |i unmediated -- volume 
998 f f |a SB351.G3 C734 2012  |t 0  |l Cushing: Lowman (Does not check out)